| 000 | 00530nam a2200229Ia 4500 | ||
|---|---|---|---|
| 008 | 210210b2005 xxu||||| |||| 00| 0 eng d | ||
| 020 | _a978071440402 | ||
| 041 | _aeng | ||
| 082 | _a612 GANR | ||
| 100 | _aGANONG (William F) | ||
| 245 | _aReview of medical physiology Ed 22 | ||
| 250 | _a | ||
| 260 |
_aNew York _bLange medical publications _c2005 |
||
| 300 | _axi,912 | ||
| 650 | _aReview | ||
| 650 | _aphysiology | ||
| 650 | _amedical | ||
| 650 | _aEd | ||
| 650 | _a22 | ||
| 690 | _aPhysiology | ||
| 906 | _a071591 | ||
| 999 |
_c121329 _d121329 |
||